00828nam a2200241Ia 450000100060000000300090000600800410001504000130005604000130006904100130008210000170009510000290011224500960014124500510023725000110028826000100029926000340030926000490034330000580039250000890045065000160053965000310055596286IT-RoPAU130308s9999 xx 000 0 und d aIT-RoPAU cIT-RoPAU aFRANCESE aRicoeur Paul gCodice Aut. SPICS: 2052 aImplications de la theorie des actes de langage pour la theorie generale de l'ethique (Les) bTheorie des Actes de Langage, Ethique et Droit a1a ed. aPARIS bPresses Universitaires France c1986 [1° Ed.:1986 - Ed.Ling.Originale:1986] a"17 p. (prefazione: no ; testo: 17 [pagine: 89-105])" aImplicazioni della Teoria degli Atti di Linguaggio per la Teoria Generale dell'Etica aLINGUISTICA eCodice materia Spics: 3201